| 000 | 00971cam a22002892 4500 | ||
|---|---|---|---|
| 001 | 34574 | ||
| 003 | BD-RjUL | ||
| 005 | 20211209052200.0 | ||
| 008 | 140518r19651963nyua b 001 0 eng d | ||
| 035 | _a(BD-RjUL)34668 | ||
| 040 |
_aDLC _cWSU _dSER _dEQO _dBD-RjUL _beng |
||
| 041 | _aeng | ||
| 082 | 0 | 4 |
_a301.154 _bSTS 1965 |
| 100 | 1 |
_aStephan, Frederick Franklin, _d1903- _9105175 |
|
| 245 | 1 | 0 |
_aSampling opinions : an analysis of survey procedure / _cby Frederick F. Stephan and Phillip J. McCarthy. |
| 260 |
_aNew York : _bWiley, _c1958 [printing 1965]. |
||
| 300 |
_a451 p. : _bill. ; _c24 cm. |
||
| 490 | 1 | _aWiley publications in statistics | |
| 504 | _aIncludes bibliographical reference and index. | ||
| 650 | 0 |
_aPublic opinion polls. _948141 |
|
| 650 | 0 |
_aSampling (Statistics) _9105176 |
|
| 700 | 1 |
_aMcCarthy, Philip J. _9105177 |
|
| 830 | 1 | 0 |
_aWiley publications in statistics _9105179 |
| 942 |
_2ddc _cBK |
||
| 999 |
_c34574 _d34574 |
||